Choosing to change : (Record no. 112007)
[ view plain ]
| 000 -LEADER | |
|---|---|
| fixed length control field | 00660cam a2200217 i 4500 |
| 001 - CONTROL NUMBER | |
| control field | 19862737 |
| 005 - DATE AND TIME OF LATEST TRANSACTION | |
| control field | 20190412104706.0 |
| 008 - FIXED-LENGTH DATA ELEMENTS--GENERAL INFORMATION | |
| fixed length control field | 170804s2018 enk b 001 0 eng |
| 020 ## - INTERNATIONAL STANDARD BOOK NUMBER | |
| International Standard Book Number | 9781138237889 (hardback : alk. paper) |
| 020 ## - INTERNATIONAL STANDARD BOOK NUMBER | |
| International Standard Book Number | 9781138237896 (pbk. : alk. paper) |
| 040 ## - CATALOGING SOURCE | |
| Transcribing agency | PK-LaUMT |
| 082 00 - DEWEY DECIMAL CLASSIFICATION NUMBER | |
| Classification number | 658.406 |
| Edition number | 23 |
| Item number | BEN-C |
| 100 1# - MAIN ENTRY--PERSONAL NAME | |
| Personal name | Bentley, David |
| 245 10 - TITLE STATEMENT | |
| Title | Choosing to change : |
| Remainder of title | an alternative understanding of change management / |
| Statement of responsibility, etc | by David Bentley |
| 260 ## - PUBLICATION, DISTRIBUTION, ETC. (IMPRINT) | |
| Place of publication, distribution, etc | London : |
| Name of publisher, distributor, etc | Routledge, |
| Date of publication, distribution, etc | 2018 |
| 300 ## - PHYSICAL DESCRIPTION | |
| Extent | 108 p. ; |
| Dimensions | 23 cm |
| 650 #0 - SUBJECT ADDED ENTRY--TOPICAL TERM | |
| Topical term or geographic name as entry element | Organizational change. |
| 650 #0 - SUBJECT ADDED ENTRY--TOPICAL TERM | |
| Topical term or geographic name as entry element | Leadership. |
| 650 #0 - SUBJECT ADDED ENTRY--TOPICAL TERM | |
| Topical term or geographic name as entry element | Strategic planning. |
| 942 ## - ADDED ENTRY ELEMENTS (KOHA) | |
| Koha item type | Books |
| Withdrawn status | Lost status | Damaged status | Home library | Current library | Date acquired | Full call number | Barcode | Date last seen | Price effective from | Koha item type |
|---|---|---|---|---|---|---|---|---|---|---|
| UMT Main Campus | UMT Main Campus | 2019-04-12 | 658.406 BEN-C | 129461 | 2019-04-12 | 2019-04-12 | Books |
